| 000 | 01222nam a2200313 i 4500 | ||
|---|---|---|---|
| 001 | 000026158 | ||
| 003 | DO-SdBNP | ||
| 005 | 20230831143912.0 | ||
| 007 | ta | ||
| 008 | 110303s2000 dr ad r 000 0 spa d | ||
| 040 |
_aDO-SdBNP _bspa _cBNPHU _erda |
||
| 082 | 4 |
_a363.3492 _bE81n _222 |
|
| 245 | 0 | 0 |
_aEstimación de las necesidades habitacionales de los damnificados por el huracán Georges en República Dominicana : _bel mercado de edificaciones urbanas y deficit habitacional. |
| 264 |
_aSantafé de Bogotá : _bFONDOVIP, _c2000. |
||
| 300 |
_a[92] páginas : _bilustraciones, gráficos ; _c28 cm. |
||
| 336 |
_2rdacontent _atexto _btxt |
||
| 337 |
_2rdamedia _asin mediación _bnc |
||
| 338 |
_2rdacarrier _avolumen _bn |
||
| 500 | _aInforme final | ||
| 590 | _aInventariado, 2018/BT | ||
| 650 | 4 |
_aHuracan Georges, 1998 _953143 |
|
| 650 | 4 |
_aHuracanes _zRepública Dominicana _953144 |
|
| 650 | 4 |
_aPolítica de vivienda _zRepública Dominicana _953145 |
|
| 650 | 4 |
_aOferta de vivienda _zRepública Dominicana _953146 |
|
| 650 | 4 |
_aProgramas de vivienda _953147 |
|
| 710 | 2 |
_aFondo Nacional de la Vivienda Popular de República Dominicana _953148 |
|
| 910 | _aValidado. Control de calidad. MFF | ||
| 942 |
_2ddc _cLBS1 |
||
| 999 |
_c25650 _d25650 |
||